<?xml version="1.0" encoding="UTF-8"?>
<record
    xmlns:xsi="http://www.w3.org/2001/XMLSchema-instance"
    xsi:schemaLocation="http://www.loc.gov/MARC21/slim http://www.loc.gov/standards/marcxml/schema/MARC21slim.xsd"
    xmlns="http://www.loc.gov/MARC21/slim">

  <leader>01038nam a22002177a 4500</leader>
  <controlfield tag="005">20100814161832.0</controlfield>
  <datafield tag="010" ind1=" " ind2=" ">
    <subfield code="a">ENG-100421</subfield>
  </datafield>
  <datafield tag="020" ind1=" " ind2=" ">
    <subfield code="a">9788184244205</subfield>
    <subfield code="c">2500.00</subfield>
  </datafield>
  <datafield tag="035" ind1=" " ind2=" ">
    <subfield code="a">EN-83954</subfield>
  </datafield>
  <datafield tag="037" ind1=" " ind2=" ">
    <subfield code="b">DBAD/PUB</subfield>
  </datafield>
  <datafield tag="082" ind1=" " ind2=" ">
    <subfield code="a">658.4</subfield>
  </datafield>
  <datafield tag="245" ind1=" " ind2=" ">
    <subfield code="a">Knowledge management and intellectual capital emerging perspectives :</subfield>
    <subfield code="b">based on the paper presented at the international conference on knowledge management and intellectual capital at institute of management technology, Ghaziabad, India 26th &amp; 27th February 2009 /</subfield>
    <subfield code="c">edited by Surinder Batra [and] Francisco Javier Carrillo</subfield>
  </datafield>
  <datafield tag="260" ind1=" " ind2=" ">
    <subfield code="a">New Delhi</subfield>
    <subfield code="b">Allied Publishers</subfield>
    <subfield code="c">2009</subfield>
  </datafield>
  <datafield tag="270" ind1=" " ind2=" ">
    <subfield code="a">A-104 mayapuri Phase II</subfield>
    <subfield code="b">New Delhi</subfield>
  </datafield>
  <datafield tag="300" ind1=" " ind2=" ">
    <subfield code="a">xviii, 926p.</subfield>
    <subfield code="c">24cm (Hb)</subfield>
  </datafield>
  <datafield tag="500" ind1=" " ind2=" ">
    <subfield code="a">Included index</subfield>
  </datafield>
  <datafield tag="700" ind1=" " ind2=" ">
    <subfield code="a">Batra, Surinder</subfield>
    <subfield code="9">13650</subfield>
  </datafield>
  <datafield tag="700" ind1=" " ind2=" ">
    <subfield code="a">Carrillo, Francisco Javier</subfield>
    <subfield code="9">13651</subfield>
  </datafield>
  <datafield tag="942" ind1=" " ind2=" ">
    <subfield code="2">ddc</subfield>
    <subfield code="c">EN</subfield>
    <subfield code="h">658.4</subfield>
    <subfield code="m">KNO</subfield>
  </datafield>
  <datafield tag="999" ind1=" " ind2=" ">
    <subfield code="c">42023</subfield>
    <subfield code="d">42023</subfield>
  </datafield>
  <datafield tag="952" ind1=" " ind2=" ">
    <subfield code="0">0</subfield>
    <subfield code="1">0</subfield>
    <subfield code="4">0</subfield>
    <subfield code="7">1</subfield>
    <subfield code="8">NFIC</subfield>
    <subfield code="a">DBAD</subfield>
    <subfield code="b">DBAD</subfield>
    <subfield code="d">2010-08-14</subfield>
    <subfield code="e">DBAD/PUB</subfield>
    <subfield code="g">2500.00</subfield>
    <subfield code="l">0</subfield>
    <subfield code="o">658.4 KNO</subfield>
    <subfield code="p">EN-83954</subfield>
    <subfield code="r">2010-08-14 00:00:00</subfield>
    <subfield code="t">1</subfield>
    <subfield code="v">2500.00</subfield>
    <subfield code="y">EN</subfield>
  </datafield>
</record>
